الانتخابات البرلمانية في مصر : (Record no. 14414)
[ view plain ]
| 000 -الفاتح | |
|---|---|
| حقل البيانات ثابتة الطول | 00945nam a22001937a 4500 |
| 008 - عناصر البيانات ثابتة الطول - معلومات عامة | |
| حقل البيانات ثابتة الطول | 100707t ua|||||r|||| 00| 0 ara d |
| 082 ## - رقم تصنيف ديوى العشرى | |
| رقم الطبعة | 22 |
| رقم التصنيف | 324.62 |
| رقم المادة | ا ن ت |
| 245 ## - بيان العنوان | |
| العنوان | الانتخابات البرلمانية في مصر : |
| بقية العنوان | /درس انتخابات 1987 |
| بيان المسئوليه,etc | المشاركون فؤاد مرسي [...وآخ] ؛ المحرر أحمد عبد الله |
| 260 ## - PUBLICATION, DISTRIBUTION, ETC. (IMPRINT) | |
| مكان الناشر او الموزع | القاهرة : |
| اسم الناشر او الموزع | دار سينا ، 1990 |
| تاريخ النشر أو التوزيع | 1990 |
| 300 ## - الوصف المادى | |
| التعداد | 372 ص ; |
| أبعاد الوعاء | 20 سم |
| 541 ## - تبصرة المصدر المباشر للتزويد | |
| مصدر التزويد | الف باء ؛ |
| طريقة التزويد | شراء ؛ |
| 650 ## - المدخل الاضافى بالموضوع-مصطلح موضوعى | |
| 9 (RLIN) | 16151 |
| مصطلح موضوعي أو اسم جغرافي كعنصر مدخل | الانتخابات |
| التقسيم الفرعي الجغرافي | مصر |
| 650 ## - المدخل الاضافى بالموضوع-مصطلح موضوعى | |
| 9 (RLIN) | 16152 |
| مصطلح موضوعي أو اسم جغرافي كعنصر مدخل | الانتخابات المحلية |
| 650 ## - المدخل الاضافى بالموضوع-مصطلح موضوعى | |
| 9 (RLIN) | 16150 |
| مصطلح موضوعي أو اسم جغرافي كعنصر مدخل | التصويت |
| 700 ## - المدخل الاضافى - اسم شخصى | |
| 9 (RLIN) | 15995 |
| الإسم الشخصى | مرسي، فؤاد |
| 700 ## - المدخل الاضافى - اسم شخصى | |
| 9 (RLIN) | 15994 |
| الإسم الشخصى | عبدالله، احمد |
| الدور | محرر |
| 942 ## - عناصر المدخل الإضافي( كوها) | |
| مصدر التصنيف او مخطط الترفيف | Dewey Decimal Classification |
| Koha [default] item type | Book - Borrowing |
| حالة التراجع | حالة الفقد | مصدر التصنيف او خطة الترفيف | حالة تلف | ليس للاعارة | مجموعات كوها | المكان الدائم | المكان الحالي | موقع الترفيف | تاريخ الاكتساب | Source of acquisition | رقم الاستدعاء | الباركود | Date last seen | مُعار | نوع الوعاء |
|---|---|---|---|---|---|---|---|---|---|---|---|---|---|---|---|
| Dewey Decimal Classification | Alef-Baa | Central Library | Central Library | First floor | 07/07/2010 | 324.62 الا | 000025044 | 15/07/2025 | 07/07/2019 | Book - Borrowing |